=LDR 00000nam 2200000 4500 =001 INLIS000000000032850 =005 20130612134834 =008 ***********************************Ind** =035 ##$$0010-061300000032850 =041 ##$$a Ind =082 ##$$a 370.11 =090 ##$$a 370.11, Row p =100 ##$$a Rowley, CD =245 ##$$a Politik perencanaan pendidikan di negara berkembang, CD Rowley =260 ##$$a 1982 $b Jakarta =300 ##$$a x, 60 hlm, 20 cm =650 ##$$a Politik Perencanaan =850 ##$$a NBPNMAT